Metody wnioskowania statystycznego

Saved in:
Bibliographic Details
Main Author: Luszniewicz, Andrzej
Format: Book
Language:Polish
Published: Warszawa Wyd. Ekon. 1986
Edition:1. wyd.
Series:Statystyka nie jest trudna 2
Tags: Add Tag
No Tags, Be the first to tag this record!

MARC

LEADER 00000nam a2200000 4500
001 c031161
005 20221220072027.9
041 0 |a pol 
044 |a PL 
245 1 0 |a Metody wnioskowania statystycznego  |c Andrzej Luszniewicz 
250 |a 1. wyd. 
264 1 |a Warszawa  |b Wyd. Ekon.  |c 1986 
300 |a 147 s. 
490 1 |a Statystyka nie jest trudna  |v 2 
830 0 |a Statystyka nie jest trudna  |v 2 
100 1 |a Luszniewicz, Andrzej